<?xml version="1.0" encoding="UTF-8"?><?xml-stylesheet type="text/xsl" href="static/style.xsl"?><OAI-PMH xmlns="http://www.openarchives.org/OAI/2.0/" xmlns:xsi="http://www.w3.org/2001/XMLSchema-instance" xsi:schemaLocation="http://www.openarchives.org/OAI/2.0/ http://www.openarchives.org/OAI/2.0/OAI-PMH.xsd"><responseDate>2026-06-29T16:41:56Z</responseDate><request verb="GetRecord" identifier="oai:docta.ucm.es:20.500.14352/104960" metadataPrefix="marc">https://docta.ucm.es/rest/oai/request</request><GetRecord><record><header><identifier>oai:docta.ucm.es:20.500.14352/104960</identifier><datestamp>2025-03-18T15:22:29Z</datestamp><setSpec>com_20.500.14352_14</setSpec><setSpec>col_20.500.14352_15</setSpec></header><metadata><record xmlns="http://www.loc.gov/MARC21/slim" xmlns:dcterms="http://purl.org/dc/terms/" xmlns:xsi="http://www.w3.org/2001/XMLSchema-instance" xmlns:doc="http://www.lyncode.com/xoai" xsi:schemaLocation="http://www.loc.gov/MARC21/slim http://www.loc.gov/standards/marcxml/schema/MARC21slim.xsd">
   <leader>00925njm 22002777a 4500</leader>
   <datafield ind2=" " ind1=" " tag="042">
      <subfield code="a">dc</subfield>
   </datafield>
   <datafield ind2=" " ind1=" " tag="720">
      <subfield code="a">Alba Alonso, Saturnino De</subfield>
      <subfield code="e">author</subfield>
   </datafield>
   <datafield ind2=" " ind1=" " tag="260">
      <subfield code="c">2000-05</subfield>
   </datafield>
   <datafield ind2=" " ind1=" " tag="520">
      <subfield code="a">La redistribución del suelo en las laderas por las prácticas de laboreo representa un proceso de erosión y degradación del suelo de elevada intensidad, responsable de la transformación y modelado de los paisajes de suelos actuales característicos de los sistemas agrícolas mediterráneos. Para el caso concreto del laboreo con el apero de vertedera, se presentan diversos modelos empíricos desarrollados, a partir de datos experimentales de campo, para cuantificar la intensidad de la movilización del suelo en función de la pendiente del terreno y de la dirección, profundidad y número de las operaciones de laboreo. Los resultados indican que la tasa de movilización de suelo por laboreo (kg/m) es proporcional a la pendiente del terreno, mientras que la variabilidad espacial e intensidad de los balances netos de pérdida o acumulación de suelo dependen de la morfología y curvatura de la ladera. Entre los mecanismos que dan lugar a una profunda transformación de los perfiles y paisajes de suelos destacan: i) la decapitación y truncamiento de los perfiles; ii) la sustitución de los horizontes edáficos superficiales dentro de la capa de laboreo; y, iii) la formación de falsos suelos truncados.</subfield>
   </datafield>
   <datafield ind1="8" ind2=" " tag="024">
      <subfield code="a">Alba Alonso, S.d. (2000): «Redistribución del suelo por las prácticas de laboreo», Edafología, 7(2), pp. 75-89.</subfield>
   </datafield>
   <datafield ind1="8" ind2=" " tag="024">
      <subfield code="a">1135-6863</subfield>
   </datafield>
   <datafield ind1="8" ind2=" " tag="024">
      <subfield code="a">https://hdl.handle.net/20.500.14352/104960</subfield>
   </datafield>
   <datafield ind1="8" ind2=" " tag="024">
      <subfield code="a">http://www.edafologia.net/revista/tomo7bis/art75t.htm</subfield>
   </datafield>
   <datafield ind2="0" ind1="0" tag="245">
      <subfield code="a">Redistribución del suelo por las prácticas de laboreo</subfield>
   </datafield>
</record></metadata></record></GetRecord></OAI-PMH>